000 00696nam a2200265Ia 4500
005 20260121165209.0
008 008 260114s9999 xx 000 0 eng d
020 _a9789401774819
037 _aEBOOK
040 _aCRL
040 _beng
040 _cCRL
041 _2eng
041 _aeng
084 _qCRL
100 _aWilliam A. Cramer, Toivo Kallas
_91048722
245 0 _aCytochrome Complexes: Evolution, Structures, Energy Transduction, and Signaling
260 _bSpringer
260 _bSpringer
260 _c2016
856 _uhttps://link.springer.com/openurl?genre=book&isbn=978-94-017-7481-9
942 _cEBOOK
999 _c1614447
_d1614447